[Event "La Vega op 3rd"]
[Site "La Vega"]
[Date "2019.08.24"]
[Round "8"]
[White "Zilleruelo Irizarry, Diego"]
[Black "Martinez Urena, Pablo Antonio"]
[Result "1-0"]
[WhiteElo "2086"]
[BlackElo "1728"]
[PlyCount "32"]
[EventDate "2019.08.20"]
[EventType "swiss"]
[EventRounds "9"]
[EventCountry "DOM"]
[SourceTitle "EXT 2020"]
[Source "ChessBase"]
[SourceDate "2019.10.17"]
[SourceVersion "1"]
[SourceVersionDate "2019.10.17"]
[SourceQuality "1"]

1. e4 e6 2. d4 d6 3. Nf3 a6 4. c4 Nd7 5. Nc3 Be7 6. Be2 c5 7. Be3 b6 8. 0-0 Bb7 9. d5 e5 10. Nd2 Ngf6 11. f4 h5 12. h3 Bc8 13. Nf3 Qc7 14. fxe5 dxe5 15. a4 Nf8 16. a5 bxa5 1-0